| 000 | 03518nam0a2200409 4500 | ||
|---|---|---|---|
| 001 | RU\NLR\BIBL_A\016214435 | ||
| 005 | 20230210131109.0 | ||
| 010 |
_a978-5-04-163592-3 _92000 |
||
| 021 |
_aRU _bКН-П-22-072414 _9КН-П-22-6301 |
||
| 035 | _a(NLR Aleph) 016214435 | ||
| 035 | _a(RuMoRGB)011295583 | ||
| 090 |
_a12717653 _c12717653 |
||
| 100 | _a20221122d2022 u y0rusy50 ca | ||
| 101 | 1 |
_arus _ceng |
|
| 102 | _aRU | ||
| 105 | _aa z 000zy | ||
| 181 | 0 |
_ai3 _baxxe |
|
| 182 | 1 | _an | |
| 200 | 1 |
_aСценарий триллера _eкак придумать, как написать, как продать _fЛюси В. Хэй _g[перевод с английского А. Канеевой] |
|
| 203 |
_aТекст _bвизуальный _cнепосредственный |
||
| 210 |
_aМосква _cБомбора _cЭксмо _d2022 |
||
| 215 |
_a304 с. _cил. _d22 |
||
| 225 | 1 |
_aСценарная мастерская _iСекреты идеального текста |
|
| 300 | _aНа 4-й с. обл. авт.: Люси В. Хэй, англ. писательница продюсер, ред. сценариев | ||
| 330 | _aЛюси В. Хэй - английская писательница, продюсер, редактор сценариев и один из организаторов Лондонского фестиваля сценаристов. На протяжении многих лет она занимается сценариями и помогает сотням авторов отточить свое мастерство. За годы работы ей довелось прочесть тысячи синопсисов, сотни логлайнов и бесчисленное количествосценарных заявок, Какие-то из них были действительно хороши, какие-то - просто ужасны. Но все они вели Люси к написанию этой книги. Триллер - один из самых любимых киножанров Люси В. Хэй, поэтому она сосредоточила свое внимание именно на нем. Но это не значит, что речь пойдет только о триллерах, - книга будет полезна любому, кто интересуется сценарным мастерством. Люси собрала воедино все свои знания и весь свой опыт, чтобы рассказать, как написать по-настоящему крутой сценарий. Какие бывают герои? Что такое конфликт? Какую структуру имеет история-триллер? Что такое логлайн и как правильно составить сценарную заявку? И, что не менее важно, как и кому продать свой готовый сценарий? Эта книга ответит на все вопросы! | ||
| 333 | _a16+ | ||
| 606 | 1 |
_aКиносценарий _2nlr_sh2 _3RU\NLR\AUTH\661537018 |
|
| 606 | 1 |
_aЛитературное творчество _2nlr_sh1 _2nlr_sh2 _3RU\NLR\AUTH\6669746 |
|
| 675 |
_a791.632(410) _v4 |
||
| 686 | 1 | _aШ401.469.1 | |
| 686 | 1 | _aШ402 | |
| 686 | 1 | _aЩ374.040 | |
| 700 | 1 |
_aХэй _bЛ. В. _gЛюси В |
|
| 942 | _cBOOK | ||
| 980 | _aNB | ||